000 00775nam a2200193 a 4500
001 BRCA_2124
005 20190320203658.0
008 120808s1991----mx-#---###---#000-0#spa-#
050 4 _aF1391.P8
_b.L43 69
_c1991
100 1 _aGómez P., Jorge
_96421
245 1 0 _aLos sarapes de Puebla en las colecciones etnográficas del Museo Nacional de Antropología
_cJorge Gómez P.
260 _aPuebla, México
_bGobierno del Estado de Puebla : Secretaría de Cultura : Comisión Puebla V Centenario
_c1991
300 _a24 p.
_c21 cm.
440 0 _aLecturas Históricas de Puebla
_n69
_96422
504 _aBibliografía: p. 24
610 2 4 _aMuseo Nacional de Antropología
_xColecciones de arte
_zCiudad de México
_96423
651 4 _aPuebla (México)
_xHistoria
_9409
942 _2lcc
_cB
999 _c1881
_d1881